000
00304nam a22001217a 4500
008
180802b xxu||||| |||| 00| 0 eng d
082
_a
813.52
245
_a
LWW's Visual atlas of medical assisting skills
_c
Bedford.D.J
260
_c
2008
300
_a
1
_f
CD
440
_x
9780781766678
942
_2
ddc
_c
MX
999
_c
46733
_d
46733